[Event "25th Zadar Open 2018"]
[Site "Zadar"]
[Date "2018.12.18"]
[Round "5.17"]
[White "Blagojevic, Tijana"]
[Black "Sutkovic, Damir"]
[Result "0-1"]
[WhiteElo "2208"]
[BlackElo "2345"]
[Annotator "NA"]
[PlyCount "74"]
[EventDate "2018.12.15"]
[EventType "swiss"]
[EventCountry "CRO"]
[SourceTitle "playchess.com"]
[Source "ChessBase"]
[SourceQuality "1"]
[TimeControl "40/5400+30:1800+30"]

1. e4 {[%emt 0:00:30]} c5 {[%emt 0:00:30]} 2. Nf3 {[%emt 0:00:00]} e6 {[%emt 0:00:00]} 3. d4 {[%emt 0:00:00]} cxd4 {[%emt 0:00:00]} 4. Nxd4 {[%emt 0:00:30]} a6 {[%emt 0:00:00]} 5. c4 {[%emt 0:00:00]} Nf6 {[%emt 0:00:00]} 6. Nc3 {[%emt 0:00:00]} d6 {[%emt 0:00:30]} 7. Be2 {[%emt 0:00:30]} b6 {[%emt 0:00:30]} 8. O-O {[%emt 0:00:30]} Bb7 {[%emt 0:00:30]} 9. f3 {[%emt 0:00:30]} Nbd7 {[%emt 0:00:00]} 10. Be3 {[%emt 0:05:30]} Be7 {[%emt 0:00:00]} 11. a4 {[%emt 0:00:30]} Rb8 {[%emt 0:01:30]} 12. Rf2 {[%emt 0:08:30]} O-O {[%emt 0:03:30]} 13. Bf1 {[%emt 0:00:30]} Re8 {[%emt 0:02:30]} 14. Rd2 {[%emt 0:00:30]} Qc7 {[%emt 0:03:30]} 15. Rc1 {[%emt 0:01:30]} Rbc8 {[%emt 0:02:30]} 16. Bf2 {[%emt 0:08:30]} Qb8 {[%emt 0:05:30]} 17. Nc2 {[%emt 0:01:30]} Ne5 {[%emt 0:12:30]} 18. Ne3 {[%emt 0:01:30]} Ng6 {[%emt 0:11:30]} 19. Bg3 {[%emt 0:07:30]} Red8 {[%emt 0:03:30]} 20. Qb3 {[%emt 0:02:30]} Ba8 {[%emt 0:04:30]} 21. Rcd1 {[%emt 0:01:30]} h5 {[%emt 0:01:30]} 22. Kh1 {[%emt 0:02:30]} h4 {[%emt 0:01:30]} 23. Bf2 {[%emt 0:00:30]} Nd7 {[%emt 0:02:30]} 24. Ne2 {[%emt 0:05:30]} h3 {[%emt 0:11:30]} 25. g3 {[%emt 0:00:30]} Nge5 {[%emt 0:02:30]} 26. Ng4 {[%emt 0:13:30]} Nxg4 {[%emt 0:09:30]} 27. fxg4 {[%emt 0:00:30]} Bxe4+ {[%emt 0:02:23]} 28. Kg1 {[%emt 0:00:30]} Ne5 {[%emt 0:00:18]} 29. Nd4 {[%emt 0:00:00]} Nxg4 {[%emt 0:01:46]} 30. Bxh3 {[%emt 0:02:00]} Nxf2 {[%emt 0:00:24]} 31. Rxf2 {[%emt 0:00:30]} d5 {[%emt 0:01:08]} 32. Nxe6 {[%emt 0:11:30]} fxe6 {[%emt 0:00:58]} 33. Bxe6+ {[%emt 0:00:00]} Kh8 {[%emt 0:00:22]} 34. g4 {[%emt 0:06:00]} Bc5 {[%emt 0:03:42]} 35. Qh3+ {[%emt 0:00:30]} Bh7 {[%emt 0:00:06]} 36. Bf5 {[%emt 0:00:30]} g6 {[%emt 0:03:05]} 37. Bxg6 {[%emt 0:01:30]} Bxf2+ {[%emt 0:01:22]} 0-1

[Event "25th Zadar Open 2018"]
[Site "Zadar"]
[Date "2018.12.18"]
[Round "5.18"]
[White "Spalir, Jernej"]
[Black "Volotovsky, Kirill"]
[Result "1/2-1/2"]
[WhiteElo "2336"]
[BlackElo "2179"]
[Annotator "NA"]
[PlyCount "52"]
[EventDate "2018.12.15"]
[EventType "swiss"]
[EventCountry "CRO"]
[SourceTitle "playchess.com"]
[Source "ChessBase"]
[SourceQuality "1"]
[TimeControl "40/5400+30:1800+30"]

1. d4 {[%emt 0:00:30]} Nf6 {[%emt 0:05:30]} 2. c4 {[%emt 0:00:00]} e6 {[%emt 0:00:00]} 3. Nc3 {[%emt 0:00:00]} Bb4 {[%emt 0:00:00]} 4. Qc2 {[%emt 0:00:30]} b6 {[%emt 0:00:30]} 5. e4 {[%emt 0:00:00]} c5 {[%emt 0:00:30]} 6. d5 {[%emt 0:00:00]} Qe7 {[%emt 0:00:30]} 7. Nge2 {[%emt 0:05:30]} exd5 {[%emt 0:00:30]} 8. exd5 {[%emt 0:00:30]} O-O {[%emt 0:00:30]} 9. Bg5 {[%emt 0:00:30]} h6 {[%emt 0:01:30]} 10. Bh4 {[%emt 0:06:30]} d6 {[%emt 0:01:30]} 11. O-O-O {[%emt 0:02:30]} Nbd7 {[%emt 0:01:30]} 12. Ng3 {[%emt 0:15:30]} Ne5 {[%emt 0:02:30]} 13. Nf5 {[%emt 0:11:30]} Bxf5 {[%emt 0:03:30]} 14. Qxf5 {[%emt 0:00:30]} Bxc3 {[%emt 0:05:30]} 15. bxc3 {[%emt 0:00:30]} Ng6 {[%emt 0:08:30]} 16. Bxf6 {[%emt 0:01:30]} Qxf6 {[%emt 0:00:30]} 17. Qxf6 {[%emt 0:00:00]} gxf6 {[%emt 0:00:00]} 18. Bd3 {[%emt 0:01:00]} Rfe8 {[%emt 0:02:00]} 19. Bxg6 {[%emt 0:04:30]} fxg6 {[%emt 0:00:30]} 20. Rhe1 {[%emt 0:00:30]} Kf7 {[%emt 0:00:30]} 21. Kd2 {[%emt 0:00:00]} f5 {[%emt 0:07:30]} 22. Rxe8 {[%emt 0:02:00]} Rxe8 {[%emt 0:00:00]} 23. Kd3 {[%emt 0:01:30]} Re7 {[%emt 0:05:00]} 24. Kd2 {[%emt 0:01:30]} Kf6 {[%emt 0:00:00]} 25. Kd3 {[%emt 0:00:30]} Kf7 {[%emt 0:00:00]} 26. Kd2 {[%emt 0:00:00]} Kf6 {[%emt 0:00:00]} 1/2-1/2

[Event "25th Zadar Open 2018"]
[Site "Zadar"]
[Date "2018.12.18"]
[Round "5.19"]
[White "Sinanovic, Muhamed"]
[Black "Ermeni, Avni"]
[Result "1/2-1/2"]
[WhiteElo "2325"]
[BlackElo "2183"]
[Annotator "NA"]
[PlyCount "94"]
[EventDate "2018.12.15"]
[EventType "swiss"]
[EventCountry "CRO"]
[SourceTitle "playchess.com"]
[Source "ChessBase"]
[SourceQuality "1"]
[TimeControl "40/5400+30:1800+30"]

1. c4 {[%emt 0:00:30]} Nf6 {[%emt 0:00:30]} 2. g3 {[%emt 0:00:00]} e6 {[%emt 0:01:30]} 3. Bg2 {[%emt 0:00:00]} d5 {[%emt 0:01:30]} 4. Nf3 {[%emt 0:00:30]} c6 {[%emt 0:00:30]} 5. Qc2 {[%emt 0:01:30]} Be7 {[%emt 0:02:30]} 6. O-O {[%emt 0:00:30]} O-O {[%emt 0:00:30]} 7. d4 {[%emt 0:02:30]} b6 {[%emt 0:05:30]} 8. Nbd2 {[%emt 0:04:30]} Bb7 {[%emt 0:08:30]} 9. e4 {[%emt 0:16:30]} dxc4 {[%emt 0:04:30]} 10. Nxc4 {[%emt 0:02:30]} Nbd7 {[%emt 0:20:30]} 11. Rd1 {[%emt 0:19:30]} h6 {[%emt 0:06:30]} 12. Nfe5 {[%emt 0:00:30]} b5 {[%emt 0:09:30]} 13. Nxd7 {[%emt 0:02:30]} Nxd7 {[%emt 0:00:30]} 14. Ne3 {[%emt 0:00:00]} Qb6 {[%emt 0:01:30]} 15. b3 {[%emt 0:03:00]} Rac8 {[%emt 0:08:30]} 16. Bb2 {[%emt 0:02:30]} Rfd8 {[%emt 0:04:30]} 17. a4 {[%emt 0:11:30]} a6 {[%emt 0:02:50]} 18. a5 {[%emt 0:03:30]} Qc7 {[%emt 0:02:46]} 19. Bc3 {[%emt 0:00:30]} Bf8 {[%emt 0:09:48]} 20. f4 {[%emt 0:03:30]} c5 {[%emt 0:01:05]} 21. d5 {[%emt 0:00:30]} exd5 {[%emt 0:00:42]} 22. exd5 {[%emt 0:00:00]} Re8 {[%emt 0:02:19]} 23. Nf5 {[%emt 0:05:00]} g6 {[%emt 0:02:16]} 24. Nh4 {[%emt 0:00:30]} Qd6 {[%emt 0:00:10]} 25. Rd2 {[%emt 0:04:00]} Re3 {[%emt 0:01:01]} 26. Rad1 {[%emt 0:00:26]} c4 {[%emt 0:00:22]} 27. b4 {[%emt 0:01:05]} Bg7 {[%emt 0:00:22]} 28. Bxg7 {[%emt 0:00:42]} Kxg7 {[%emt 0:00:01]} 29. Bh3 {[%emt 0:02:46]} Rce8 {[%emt 0:00:09]} 30. Ng2 {[%emt 0:01:11]} R3e4 {[%emt 0:00:48]} 31. Bxd7 {[%emt 0:00:30]} Qxd7 {[%emt 0:00:04]} 32. Qc3+ {[%emt 0:00:10]} f6 {[%emt 0:00:46]} 33. h4 {[%emt 0:04:05]} Qg4 {[%emt 0:01:02]} 34. d6 {[%emt 0:02:21]} Re2 {[%emt 0:00:05]} 35. Rxe2 {[%emt 0:04:31]} Rxe2 {[%emt 0:00:04]} 36. Rd2 {[%emt 0:01:21]} Rxg2+ {[%emt 0:01:26]} 37. Rxg2 {[%emt 0:00:09]} Qd1+ {[%emt 0:00:01]} 38. Kh2 {[%emt 0:01:01]} Bxg2 {[%emt 0:00:16]} 39. Kxg2 {[%emt 0:00:05]} Qxd6 {[%emt 0:00:00]} 40. Kf2 {[%emt 0:00:00]} Kf7 {[%emt 0:00:00]} 41. Ke2 {[%emt 0:03:07]} Qe6+ {[%emt 0:06:07]} 42. Kd2 {[%emt 0:00:30]} Qe4 {[%emt 0:00:00]} 43. Kc1 {[%emt 0:03:30]} Ke6 {[%emt 0:04:00]} 44. Qd2 {[%emt 0:00:00]} Qf3 {[%emt 0:05:30]} 45. Qd4 {[%emt 0:02:00]} Qd5 {[%emt 0:10:56]} 46. Qb6+ {[%emt 0:00:30]} Qd6 {[%emt 0:02:45]} 47. g4 {[%emt 0:05:30]} f5 {[%emt 0:04:30]} 1/2-1/2

[Event "25th Zadar Open 2018"]
[Site "Zadar"]
[Date "2018.12.18"]
[Round "5.20"]
[White "Bratovic, Blaz"]
[Black "Pallitsch, Clemens"]
[Result "1-0"]
[WhiteElo "2307"]
[BlackElo "2176"]
[Annotator "NA"]
[PlyCount "73"]
[EventDate "2018.12.15"]
[EventType "swiss"]
[EventCountry "CRO"]
[SourceTitle "playchess.com"]
[Source "ChessBase"]
[SourceQuality "1"]
[TimeControl "40/5400+30:1800+30"]

1. e4 {[%emt 0:00:30]} c5 {[%emt 0:00:30]} 2. Nf3 {[%emt 0:00:00]} e6 {[%emt 0:00:00]} 3. d4 {[%emt 0:00:00]} cxd4 {[%emt 0:00:00]} 4. Nxd4 {[%emt 0:00:30]} Nc6 {[%emt 0:00:30]} 5. Nc3 {[%emt 0:00:00]} Qc7 {[%emt 0:00:00]} 6. Be2 {[%emt 0:01:00]} a6 {[%emt 0:02:00]} 7. O-O {[%emt 0:00:30]} Nf6 {[%emt 0:01:30]} 8. Be3 {[%emt 0:01:30]} b5 {[%emt 0:01:30]} 9. f4 {[%emt 0:06:30]} Nxd4 {[%emt 0:07:30]} 10. Qxd4 {[%emt 0:02:30]} d6 {[%emt 0:00:30]} 11. a4 {[%emt 0:16:30]} e5 {[%emt 0:06:30]} 12. Qd2 {[%emt 0:03:30]} b4 {[%emt 0:04:30]} 13. Nd5 {[%emt 0:01:30]} Nxd5 {[%emt 0:04:30]} 14. exd5 {[%emt 0:01:30]} a5 {[%emt 0:07:30]} 15. fxe5 {[%emt 0:07:30]} dxe5 {[%emt 0:01:30]} 16. Bb5+ {[%emt 0:08:30]} Bd7 {[%emt 0:01:30]} 17. Qf2 {[%emt 0:00:30]} Bxb5 {[%emt 0:01:30]} 18. axb5 {[%emt 0:00:00]} Bd6 {[%emt 0:00:30]} 19. c4 {[%emt 0:00:00]} bxc3 {[%emt 0:01:30]} 20. Rac1 {[%emt 0:00:30]} O-O {[%emt 0:00:30]} 21. Rxc3 {[%emt 0:00:00]} Qd7 {[%emt 0:02:30]} 22. Rc6 {[%emt 0:01:00]} Rab8 {[%emt 0:04:30]} 23. b6 {[%emt 0:05:30]} Bb4 {[%emt 0:04:30]} 24. Bc5 {[%emt 0:00:30]} Bxc5 {[%emt 0:31:43]} 25. Qxc5 {[%emt 0:03:30]} Qg4 {[%emt 0:01:44]} 26. d6 {[%emt 0:01:30]} e4 {[%emt 0:03:19]} 27. Rc7 {[%emt 0:00:30]} Qe6 {[%emt 0:01:24]} 28. b7 {[%emt 0:03:30]} e3 {[%emt 0:02:17]} 29. Re7 {[%emt 0:01:30]} Qb3 {[%emt 0:00:28]} 30. d7 {[%emt 0:00:30]} e2 {[%emt 0:03:48]} 31. Re1 {[%emt 0:00:30]} Rfd8 {[%emt 0:00:50]} 32. R1xe2 {[%emt 0:00:30]} g6 {[%emt 0:02:03]} 33. Re8+ {[%emt 0:02:30]} Kg7 {[%emt 0:00:01]} 34. Qe5+ {[%emt 0:00:30]} Kh6 {[%emt 0:00:31]} 35. Qe3+ {[%emt 0:00:30]} Qxe3+ {[%emt 0:00:19]} 36. R2xe3 {[%emt 0:00:00]} f5 {[%emt 0:01:05]} 37. Rxd8 {[%emt 0:00:00]} 1-0

[Event "25th Zadar Open 2018"]
[Site "Zadar"]
[Date "2018.12.18"]
[Round "5.21"]
[White "Ojas Kulkarni"]
[Black "Ivekovic, Bozidar"]
[Result "0-1"]
[WhiteElo "2282"]
[BlackElo "2406"]
[Annotator "NA"]
[PlyCount "70"]
[EventDate "2018.12.15"]
[EventType "swiss"]
[EventCountry "CRO"]
[SourceTitle "playchess.com"]
[Source "ChessBase"]
[SourceQuality "1"]
[TimeControl "40/5400+30:1800+30"]

1. c4 {[%emt 0:00:30]} Nf6 {[%emt 0:00:30]} 2. Nc3 {[%emt 0:00:00]} c6 {[%emt 0:00:30]} 3. e4 {[%emt 0:04:00]} d6 {[%emt 0:06:30]} 4. d4 {[%emt 0:03:30]} e5 {[%emt 0:01:30]} 5. Nge2 {[%emt 0:02:30]} Nbd7 $14 {[%emt 0:04:30] LiveBook: 84 Games} 6. g3 {[%emt 0:00:30]} g6 {[%emt 0:04:30]} 7. Bg2 {[%emt 0:00:30]} Bg7 {[%emt 0:00:30]} 8. O-O {[%emt 0:00:30]} O-O {[%emt 0:00:00]} 9. h3 {[%emt 0:04:30]} h5 {[%emt 0:10:00]} 10. Be3 {[%emt 0:03:30]} Re8 {[%emt 0:02:30]} 11. d5 {[%emt 0:02:30]} c5 {[%emt 0:08:30]} 12. Qd2 {[%emt 0:01:30]} h4 {[%emt 0:02:30]} 13. f4 {[%emt 0:01:30]} Nh5 {[%emt 0:05:30]} 14. f5 {[%emt 0:01:30]} hxg3 {[%emt 0:00:30]} 15. fxg6 {[%emt 0:11:30]} fxg6 {[%emt 0:00:00]} 16. Bg5 {[%emt 0:00:30]} Ndf6 {[%emt 0:13:00]} 17. Bxf6 {[%emt 0:01:30]} Nxf6 {[%emt 0:03:30]} 18. Qg5 {[%emt 0:17:30]} Kh7 {[%emt 0:00:30]} 19. Rf3 {[%emt 0:01:30]} Nh5 {[%emt 0:02:30]} 20. Qxd8 {[%emt 0:00:30]} Rxd8 {[%emt 0:00:30]} 21. Nxg3 {[%emt 0:00:00]} Nf4 {[%emt 0:02:30]} 22. Nge2 {[%emt 0:00:00]} g5 {[%emt 0:06:30]} 23. Ng3 {[%emt 0:01:30]} g4 {[%emt 0:06:21]} 24. hxg4 {[%emt 0:02:30]} Bxg4 {[%emt 0:00:01]} 25. Nf5 {[%emt 0:00:30]} Bxf3 {[%emt 0:01:24]} 26. Bxf3 {[%emt 0:00:00]} a6 {[%emt 0:06:31]} 27. a4 {[%emt 0:01:00]} Bf6 {[%emt 0:01:43]} 28. Kf2 {[%emt 0:01:30]} Kg6 {[%emt 0:02:02]} 29. b3 {[%emt 0:06:30]} Rh8 {[%emt 0:02:15]} 30. Ne2 {[%emt 0:05:30]} Rh2+ {[%emt 0:03:21]} 31. Ke3 {[%emt 0:00:30]} Rah8 {[%emt 0:00:35]} 32. Rg1+ {[%emt 0:01:30]} Bg5 {[%emt 0:00:02]} 33. Nxd6 {[%emt 0:00:30]} R8h3 {[%emt 0:02:34]} 34. Rxg5+ {[%emt 0:03:30]} Kxg5 {[%emt 0:00:07]} 35. Ng1 {[%emt 0:00:30]} Rg3 {[%emt 0:00:28]} 0-1

[Event "25th Zadar Open 2018"]
[Site "Zadar"]
[Date "2018.12.18"]
[Round "5.22"]
[White "Zelic, Mladen"]
[Black "Janzelj, Tim"]
[Result "0-1"]
[WhiteElo "2274"]
[BlackElo "2395"]
[Annotator "ChessBase"]
[PlyCount "90"]
[EventDate "2018.12.15"]
[EventType "swiss"]
[EventCountry "CRO"]
[SourceTitle "playchess.com"]
[Source "ChessBase"]
[SourceQuality "1"]
[TimeControl "40/5400+30:1800+30"]

1. e4 {[%emt 0:00:30]} d6 {[%emt 0:00:30]} 2. Nc3 {[%emt 0:00:00]} c5 {[%emt 0:00:00]} 3. f4 {[%emt 0:00:00]} g6 {[%emt 0:00:00]} 4. Nf3 {[%emt 0:00:30]} Bg7 {[%emt 0:00:00]} 5. Bb5+ {[%emt 0:00:30]} Bd7 {[%emt 0:00:00]} 6. Bxd7+ {[%emt 0:00:30]} Qxd7 {[%emt 0:00:30]} 7. O-O {[%emt 0:00:30]} Nc6 {[%emt 0:00:30]} 8. d3 {[%emt 0:00:30]} Nf6 {[%emt 0:01:30]} 9. Qe1 {[%emt 0:09:30]} Rc8 {[%emt 0:04:30]} 10. h3 {[%emt 0:12:30]} Nd4 {[%emt 0:01:30]} 11. Qf2 {[%emt 0:01:30]} Nxf3+ {[%emt 0:03:30]} 12. Qxf3 {[%emt 0:00:30]} e6 {[%emt 0:06:30]} 13. f5 {[%emt 0:02:30]} b5 {[%emt 0:14:30]} 14. Bg5 {[%emt 0:11:30]} O-O {[%emt 0:05:30]} 15. g4 {[%emt 0:03:30]} b4 {[%emt 0:00:30]} 16. Ne2 {[%emt 0:00:00]} c4 {[%emt 0:06:30]} 17. d4 {[%emt 0:15:00]} h6 {[%emt 0:25:30]} 18. Be3 {[%emt 0:01:30]} exf5 {[%emt 0:00:30]} 19. gxf5 {[%emt 0:02:30]} Rce8 {[%emt 0:02:30]} 20. Ng3 {[%emt 0:13:30]} Qe7 {[%emt 0:14:05]} 21. e5 {[%emt 0:02:30]} dxe5 {[%emt 0:00:10]} 22. dxe5 {[%emt 0:00:30]} Qxe5 {[%emt 0:00:07]} 23. Bxa7 {[%emt 0:00:00]} Ra8 {[%emt 0:05:03]} 24. Rae1 {[%emt 0:05:05]} Qxb2 {[%emt 0:00:15]} 25. Bc5 {[%emt 0:00:59]} Ra3 {[%emt 0:02:05]} 26. Qf2 {[%emt 0:02:41]} Rc8 {[%emt 0:01:24]} 27. fxg6 {[%emt 0:03:46]} fxg6 {[%emt 0:01:07]} 28. Be7 {[%emt 0:01:06]} Qc3 {[%emt 0:03:02]} 29. Ne2 {[%emt 0:08:11]} Qxh3 {[%emt 0:00:39]} 30. c3 {[%emt 0:01:08]} Ra5 {[%emt 0:00:38]} 31. Nf4 {[%emt 0:01:43]} Rg5+ {[%emt 0:01:15]} 32. Ng2 {[%emt 0:00:02]} Ng4 {[%emt 0:00:45]} 33. Qf4 {[%emt 0:00:39]} Ne3 {[%emt 0:00:48]} 34. Qxg5 {[%emt 0:01:33]} hxg5 {[%emt 0:00:01]} 35. Rxe3 {[%emt 0:00:00]} Qd7 {[%emt 0:00:41]} 36. Bxb4 {[%emt 0:00:00]} Re8 {[%emt 0:00:34]} 37. Rxe8+ {[%emt 0:00:12]} Qxe8 {[%emt 0:00:01]} 38. Re1 {[%emt 0:00:17]} Qb8 {[%emt 0:00:39]} 39. a4 {[%emt 0:00:38]} Qa7+ {[%emt 0:00:18]} 40. Ne3 {[%emt 0:00:00]} Be5 {[%emt 0:00:00]} 41. Kg2 {[%emt 0:01:30]} Qxa4 {[%emt 0:07:23]} 42. Re2 {[%emt 0:08:30]} Qd7 {[%emt 0:01:30]} 43. Kf2 {[%emt 0:02:30]} Qd3 {[%emt 0:01:30]} 44. Ra2 {[%emt 0:02:24]} Qe4 {[%emt 0:02:30]} 45. Ra6 {[%emt 0:03:04]} g4 {[%emt 0:00:30]} 0-1

[Event "25th Zadar Open 2018"]
[Site "Zadar"]
[Date "2018.12.18"]
[Round "5.23"]
[White "Samani, Yamac"]
[Black "Kurayan, Ruslan"]
[Result "1/2-1/2"]
[WhiteElo "2267"]
[BlackElo "2391"]
[Annotator "NA"]
[PlyCount "73"]
[EventDate "2018.12.15"]
[EventType "swiss"]
[EventCountry "CRO"]
[SourceTitle "playchess.com"]
[Source "ChessBase"]
[SourceQuality "1"]
[TimeControl "40/5400+30:1800+30"]

1. e4 {[%emt 0:00:30]} c5 {[%emt 0:06:30]} 2. Nf3 {[%emt 0:00:30]} d6 {[%emt 0:00:30]} 3. d4 {[%emt 0:00:30]} Nf6 {[%emt 0:00:00]} 4. Nc3 {[%emt 0:00:30]} cxd4 {[%emt 0:00:00]} 5. Nxd4 {[%emt 0:00:30]} g6 {[%emt 0:00:30]} 6. Be3 {[%emt 0:00:30]} Bg7 {[%emt 0:00:00]} 7. f3 {[%emt 0:00:30]} O-O {[%emt 0:00:00]} 8. Qd2 {[%emt 0:00:00]} Nc6 {[%emt 0:00:00]} 9. g4 {[%emt 0:03:00]} Be6 {[%emt 0:00:00]} 10. Nxe6 {[%emt 0:00:30]} fxe6 {[%emt 0:00:30]} 11. O-O-O {[%emt 0:00:30]} Rc8 {[%emt 0:04:30]} 12. Bc4 {[%emt 0:04:30]} Qd7 {[%emt 0:04:30]} 13. h4 {[%emt 0:03:30]} Ne5 {[%emt 0:18:30]} 14. Bb3 {[%emt 0:03:30]} a5 {[%emt 0:23:30]} 15. Na4 {[%emt 0:44:30]} Rc6 {[%emt 0:08:30]} 16. Qxa5 {[%emt 0:15:36]} Nxf3 {[%emt 0:10:30]} 17. Nc5 {[%emt 0:06:12]} Rxc5 {[%emt 0:01:04]} 18. Bxc5 {[%emt 0:00:08]} Nxg4 {[%emt 0:01:37]} 19. h5 {[%emt 0:02:24]} g5 {[%emt 0:03:14]} 20. Kb1 {[%emt 0:03:17]} Be5 {[%emt 0:05:20]} 21. Bb6 {[%emt 0:01:41]} h6 {[%emt 0:00:56]} 22. Rd3 {[%emt 0:00:42]} Kg7 {[%emt 0:03:21]} 23. a3 {[%emt 0:00:10]} Rf4 {[%emt 0:01:50]} 24. Ka2 {[%emt 0:01:57]} Nf6 {[%emt 0:01:02]} 25. Rf1 {[%emt 0:01:16]} g4 {[%emt 0:00:19]} 26. Qa8 {[%emt 0:00:37]} Qc6 {[%emt 0:03:28]} 27. Qd8 {[%emt 0:00:51]} Kf7 {[%emt 0:01:44]} 28. Be3 {[%emt 0:00:29]} Qxe4 {[%emt 0:00:17]} 29. Bxf4 {[%emt 0:00:23]} Bxf4 {[%emt 0:01:30]} 30. Rc3 {[%emt 0:00:30]} Nxh5 {[%emt 0:00:43]} 31. Rc8 {[%emt 0:00:40]} Ng7 {[%emt 0:00:26]} 32. Qg8+ {[%emt 0:00:27]} Kg6 {[%emt 0:00:08]} 33. Rf8 {[%emt 0:00:32]} Bg5 {[%emt 0:00:17]} 34. Qf7+ {[%emt 0:00:38]} Kh7 {[%emt 0:00:01]} 35. Qg8+ {[%emt 0:01:14]} Kg6 {[%emt 0:00:02]} 36. Qf7+ {[%emt 0:04:07]} Kh7 {[%emt 0:00:07]} 37. Qg8+ {[%emt 0:00:24]} 1/2-1/2

[Event "25th Zadar Open 2018"]
[Site "Zadar"]
[Date "2018.12.18"]
[Round "5.24"]
[White "Mendonca, Leon Luke"]
[Black "Der Manuelian, Haik"]
[Result "1/2-1/2"]
[WhiteElo "2350"]
[BlackElo "2262"]
[Annotator "NA"]
[PlyCount "121"]
[EventDate "2018.12.15"]
[EventType "swiss"]
[EventCountry "CRO"]
[SourceTitle "playchess.com"]
[Source "ChessBase"]
[SourceQuality "1"]
[TimeControl "40/5400+30:1800+30"]

1. d4 {[%emt 0:00:30]} d5 {[%emt 0:00:30]} 2. c4 {[%emt 0:00:00]} c6 {[%emt 0:00:00]} 3. Nf3 {[%emt 0:00:00]} Nf6 {[%emt 0:00:00]} 4. g3 {[%emt 0:00:00]} dxc4 {[%emt 0:00:30]} 5. Bg2 {[%emt 0:04:00]} g6 {[%emt 0:00:30] D11: Slav Defence: 3 Nf3 sidelines and 3...Nf6 4 e3 Bg4} 6. O-O {[%emt 0:09:30]} Bg7 {[%emt 0:00:30]} 7. a4 {[%emt 0:02:30]} Ne4 {[%emt 0:01:30]} 8. Qc2 {[%emt 0:07:30]} Nd6 {[%emt 0:00:00]} 9. Nbd2 {[%emt 0:04:30]} Na6 $146 {[%emt 0:04:00]} ({Predecessor:} 9... Be6 10. Ng5 Qc8 11. Nde4 Nxe4 12. Qxe4 Bf5 13. Qf4 h6 14. Nf3 {0-1 (32) Dragun,K (2492)-Bartel,M (2619) Chorzow 2013}) 10. Nxc4 {[%emt 0:07:30]} Bf5 {[%emt 0:18:30]} 11. Nxd6+ {[%emt 0:03:30]} exd6 {[%emt 0:00:30]} 12. e4 {[%emt 0:09:30]} Bg4 {[%emt 0:00:00]} 13. Be3 {[%emt 0:01:30]} Qd7 {[%emt 0:07:00]} 14. Qb3 {[%emt 0:09:30]} O-O {[%emt 0:01:30]} 15. Nd2 {[%emt 0:03:30]} c5 {[%emt 0:04:30]} 16. d5 {[%emt 0:04:30]} Nb4 {[%emt 0:00:30]} 17. Rae1 {[%emt 0:03:30]} Bh3 {[%emt 0:08:30]} 18. Nc4 {[%emt 0:07:30]} Bxg2 {[%emt 0:00:30]} 19. Kxg2 {[%emt 0:00:30]} Rfe8 {[%emt 0:03:30]} 20. Bf4 {[%emt 0:01:07]} Bf8 {[%emt 0:00:30]} 21. f3 {[%emt 0:07:26]} Rad8 {[%emt 0:05:30]} 22. Bd2 {[%emt 0:01:57]} Na6 {[%emt 0:01:30]} 23. Bc3 {[%emt 0:03:20]} Bg7 {[%emt 0:03:30]} 24. Rf2 {[%emt 0:00:48]} b6 {[%emt 0:02:30]} 25. Rfe2 {[%emt 0:00:56]} Nc7 {[%emt 0:03:30]} 26. Na3 {[%emt 0:03:41]} Rb8 {[%emt 0:03:30]} 27. Nb5 {[%emt 0:00:20]} a6 {[%emt 0:03:30]} 28. Nxc7 {[%emt 0:00:05]} Qxc7 {[%emt 0:00:30]} 29. f4 {[%emt 0:00:27]} Bxc3 {[%emt 0:03:30]} 30. Qxc3 {[%emt 0:00:56]} Qd7 {[%emt 0:01:30]} 31. e5 {[%emt 0:02:26]} dxe5 {[%emt 0:00:30]} 32. Rxe5 {[%emt 0:00:04]} Rxe5 {[%emt 0:04:20]} 33. Qxe5 {[%emt 0:02:01]} Rd8 {[%emt 0:00:09]} 34. a5 {[%emt 0:00:35]} Qxd5+ {[%emt 0:04:39]} 35. Qxd5 {[%emt 0:00:07]} Rxd5 {[%emt 0:00:01]} 36. axb6 {[%emt 0:01:41]} Rd2+ {[%emt 0:00:04]} 37. Kf3 {[%emt 0:00:11]} Rxb2 {[%emt 0:00:05]} 38. Rc1 {[%emt 0:00:27]} Rxb6 {[%emt 0:02:03]} 39. Rxc5 {[%emt 0:00:01]} Rb8 {[%emt 0:02:44]} 40. Ra5 {[%emt 0:00:00]} Ra8 {[%emt 0:00:00]} 41. g4 {[%emt 0:06:24]} Kf8 {[%emt 0:21:55]} 42. h4 {[%emt 0:02:30]} h6 {[%emt 0:03:50]} 43. h5 {[%emt 0:07:45]} gxh5 {[%emt 0:06:59]} 44. gxh5 {[%emt 0:05:41]} Kg7 {[%emt 0:01:01]} 45. Kg4 {[%emt 0:00:22]} Kf6 {[%emt 0:01:27]} 46. Rf5+ {[%emt 0:03:58]} Ke7 {[%emt 0:02:16]} 47. Re5+ {[%emt 0:01:51]} Kf8 {[%emt 0:00:51]} 48. Ra5 {[%emt 0:00:07]} Kg7 {[%emt 0:00:11]} 49. Kf5 {[%emt 0:02:49]} Ra7 {[%emt 0:00:01]} 50. Kg4 {[%emt 0:00:07]} Kf6 {[%emt 0:01:17]} 51. Rf5+ {[%emt 0:00:52]} Ke6 {[%emt 0:01:03]} 52. Re5+ {[%emt 0:00:04]} Kd6 {[%emt 0:01:29]} 53. Ra5 {[%emt 0:00:02]} Ke6 {[%emt 0:02:13]} 54. Re5+ {[%emt 0:00:01]} Kf6 {[%emt 0:00:41]} 55. Ra5 {[%emt 0:00:21]} Kg7 {[%emt 0:02:27]} 56. Kf5 {[%emt 0:00:28]} Ra8 {[%emt 0:00:05]} 57. Kg4 {[%emt 0:00:04]} Kh7 {[%emt 0:01:20]} 58. Kf5 {[%emt 0:00:16]} Kg8 $11 {[%emt 0:01:21]} 59. Kf6 {[%emt 0:00:36]} Kf8 {[%emt 0:00:07]} 60. Kf5 {[%emt 0:00:11]} Kg7 {[%emt 0:00:42]} 61. Kg4 {[%emt 0:01:52]} 1/2-1/2